| 000 | 00502 a2200169 4500 | ||
|---|---|---|---|
| 003 | OSt | ||
| 005 | 20240202103723.0 | ||
| 008 | 240202b |||||||| |||| 00| 0 eng d | ||
| 040 | _coclc | ||
| 082 |
_a297 _bKAR/I |
||
| 100 |
_a Karakunnu, Sheikh Mohammed _91839 |
||
| 245 |
_aISLAMINTE SAMBADVYAVASTHA / _cShaik Mohammed Karakunnu |
||
| 250 | _a1st ed. | ||
| 260 |
_aKozhikode: _bIslamic Publishing House, _c2021. |
||
| 300 | _a47p. | ||
| 942 |
_2ddc _cBK _h297 _iKAR/I _k297 _mKAR/I |
||
| 999 |
_c43406 _d43406 |
||